000
00297nam a22001337a 4500
008
171016b xxu||||| |||| 00| 0 eng d
020
_a
9789280811025
041
_a
eng
080
_a
33
100
_a
52
101
_a
EKO
245
_a
KEY ISSUES FOR MOUNTAIN AREAS
_c
PRICE,M.F
942
_2
udc
_c
BK
999
_c
34078
_d
34078